ADN - Quiz Scientifique - Statistiques

Statistiques générales
  • Ce quiz a été pris 595 fois
  • Le résultat moyen est 8 sur 20
Statistiques - réponses
Réponse % Correct
Guanine
85%
Acide Désoxyribonucléique
80%
Adénine
80%
Cytosine
79%
Thymine
78%
ARN
77%
46
49%
Chromosome
48%
Génétique
44%
Acide aminé
39%
ADN polymérase
39%
Nucléotide
27%
Francis Crick
20%
James Watson
20%
2003
15%
Gregor Mendel
15%
Rosalind Franklin
13%
Salvador Dali
10%
3,2 milliard
2%
GenBank
2%
Aucun quiz correspondant
Distribution des résultats
% des personnes avec chaque résultat
Percentile par nombre de réponses
Votre historique - résultats
Vous n’avez pas pris ce quiz